000
00187 a2200097 4500
020
_a
9781616728632
041
_a
spa
100
_a
Jennefer Schieber
245
_a
Hacer Deporte
942
_c
K
999
_c
27548
_d
27548